[Event "Discrace"]
[Site "http://www.queenalice.com/game.php?id=589917"]
[Date "2009.5.18"]
[Round "-"]
[White "billaus"]
[Black "RHAETO"]
[Result "1-0"]
[WhiteElo "1415"]
[BlackElo "1555"]

1. e4 e5 2. Qh5 Nc6 3. Bc4 g6 4. Qf3 f6 5. Nc3 Nd4 6. Qd3 d6 7. Nd5 c6 8. Ne3
Qb6 9. c3 Nb5 10. Nf3 Bd7 11. a4 Nc7 12. a5 Qc5 13. b4 Qxc4 14. Nxc4 O-O-O 15.
Nxd6+ Bxd6 16. Qxd6 Nh6 17. Qxf6 Rde8 18. Nxe5 Rhf8 19. Qg7 Rd8 20. Qxh6 Ne6 21.
Qxh7 Nf4 22. a6 b6 23. Nxg6 Nxg6 24. Qxg6 Rg8 25. Qh5 Rxg2 26. c4 Rg4 27. d3
Rdg8 28. c5 b5 29. Ke2 Rxe4+ 30. dxe4 Bg4+ 31. Qxg4+ Rxg4 32. Ke3 Kd7 33. h3 Rg6
34. Bb2 1-0

[Event "About time"]
[Site "http://www.queenalice.com/game.php?id=599244"]
[Date "2009.6.6"]
[Round "-"]
[White "billaus"]
[Black "RHAETO"]
[Result "0-1"]
[WhiteElo "1437"]
[BlackElo "1526"]

1. e4 Nc6 2. d4 e6 3. Nf3 Nh6 4. d5 Nb4 5. Bg5 f6 6. Bxh6 gxh6 7. e5 exd5 8.
exf6 Qxf6 9. Na3 Qxb2 10. c3 Qxc3+ 11. Nd2 Qxa3 12. Nb1 Qa5 13. Ke2 Bg7 14. Nc3
Bxc3 15. Rc1 Nxa2 16. Rc2 d4 17. Qd3 Nb4 18. Rxc3 Nxd3 19. Rxd3 Qa6 20. Kf3 c5
21. Be2 Rf8+ 22. Kg3 Qg6+ 23. Kh4 Qe4+ 24. g4 Qxe2 25. Rdd1 d6 26. Rde1 Rxf2 27.
Rxe2+ Rxe2 28. h3 d3 29. Rd1 c4 30. Rf1 d2 31. Rd1 c3 32. Kg3 c2 33. Rf1 d1=Q
34. Rxd1 cxd1=Q 35. Kh4 Re5 36. Kg3 Qe1+ 37. Kf4 Qf2# 0-1

[Event "Whimpering"]
[Site "http://www.queenalice.com/game.php?id=602929"]
[Date "2009.6.14"]
[Round "-"]
[White "billaus"]
[Black "RHAETO"]
[Result "0-1"]
[WhiteElo "1422"]
[BlackElo "1542"]

1. e4 e6 2. d4 Qf6 3. Nf3 Nh6 4. Bg5 Qg6 5. Bd3 f6 6. e5 f5 7. O-O Nc6 8. Qe2
Nxd4 9. Qe3 Bc5 10. Nxd4 Ng4 11. Qf4 d6 12. exd6 cxd6 13. Nf3 O-O 14. Re1 Bxf2+
15. Kf1 Bxe1 16. Kxe1 e5 17. Qd2 e4 18. Bc4+ Be6 19. Bxe6+ Qxe6 20. Nd4 Qe5 21.
h3 Nf6 22. Qb4 Nd5 23. Qa4 b5 24. Nxb5 Qxb2 25. Kd2 Qxa1 26. N1c3 Nxc3 27. Nxc3
Rac8 28. Qb3+ Kh8 29. Be7 Rfe8 30. Bg5 h6 31. Bf4 Qf1 32. g3 g5 0-1

[Event "ugly"]
[Site "http://www.queenalice.com/game.php?id=607873"]
[Date "2009.6.23"]
[Round "-"]
[White "billaus"]
[Black "RHAETO"]
[Result "1-0"]
[WhiteElo "1422"]
[BlackElo "1555"]

1. e4 Nc6 2. d4 e5 3. d5 Nb4 4. a3 Na6 5. g3 Nc5 6. Qh5 Nf6 7. Qxe5+ Be7 8. Nc3
O-O 9. Nf3 Bd6 10. Qd4 Re8 11. e5 Na6 12. Bg5 Bc5 13. Qf4 d6 14. Bxf6 gxf6 15.
O-O-O dxe5 16. Qe4 Bxf2 17. b4 Bd7 18. d6 c6 19. a4 Qb6 20. Bd3 c5 21. Qxh7+ 1-0

[Event "At  long last"]
[Site "http://www.queenalice.com/game.php?id=610875"]
[Date "2009.6.29"]
[Round "-"]
[White "billaus"]
[Black "RHAETO"]
[Result "0-1"]
[WhiteElo "1443"]
[BlackElo "1531"]

1. e4 e5 2. Qh5 Nf6 3. Qxe5+ Be7 4. d4 O-O 5. Nf3 Re8 6. Bd3 Bb4+ 7. c3 Bxc3+ 8.
bxc3 Rxe5 9. dxe5 Nh5 10. Nbd2 Nf4 11. Bc4 Nc6 12. O-O d6 13. exd6 cxd6 14. Ba3
Ne2+ 15. Bxe2 b6 16. Rad1 Be6 17. Nc4 Na5 18. Nxd6 Qc7 19. e5 Qxc3 20. Nb5 Qc6
21. Nbd4 Qa4 22. Nxe6 fxe6 23. Rd3 Qe4 24. Rd4 Qxe2 25. Ra1 h6 26. h3 Rc8 27.
Rd7 Nc4 28. Rxa7 Rb8 29. Bd6 Rc8 30. Bb4 Nb2 31. Re7 Nd3 32. Be1 Rc6 33. Nd4
Qxe5 34. Nxc6 Qxa1 35. Rxe6 Qxa2 36. Kf1 Qxe6 37. Nd8 Qxe1# 0-1

[Event "Challenge"]
[Site "http://www.queenalice.com/game.php?id=616271"]
[Date "2009.7.10"]
[Round "-"]
[White "billaus"]
[Black "RHAETO"]
[Result "1-0"]
[WhiteElo "1441"]
[BlackElo "1545"]

1. e4 e5 2. Qh5 d6 3. Bc4 Nh6 4. d3 Nc6 5. Bxh6 g6 6. Bg5 f6 7. Bxf6 Qxf6 8. Qd1
Be7 9. Nc3 Rf8 10. f3 Qh4+ 11. g3 Qg5 12. Nh3 Qe3+ 13. Qe2 Qc5 14. O-O-O Bd7 15.
Na4 Qa5 16. Nc3 O-O-O 17. f4 a6 18. Ng5 exf4 19. Ne6 Bxe6 20. Bxe6+ Kb8 21. Nd5
Bg5 22. Nxf4 Qxa2 23. c3 Rf6 24. Qd2 Bxf4 25. Bxa2 Bxd2+ 26. Rxd2 Ne5 27. d4 Ng4
28. Re2 Re6 29. Bxe6 Nf6 30. e5 dxe5 31. dxe5 Nh5 32. Rd2 Re8 33. Bg4 Rxe5 34.
Rf1 Nf6 35. Rxf6 Re1+ 36. Rd1 Re2 37. Bxe2 1-0

[Event "the worm has turned"]
[Site "http://www.queenalice.com/game.php?id=623409"]
[Date "2009.7.23"]
[Round "-"]
[White "billaus"]
[Black "RHAETO"]
[Result "1-0"]
[WhiteElo "1475"]
[BlackElo "1524"]

1. e4 e6 2. d4 d5 3. exd5 Qxd5 4. Nc3 Qf5 5. Nf3 Nf6 6. Nb5 Na6 7. Qd2 Bd7 8.
Ne5 c6 9. Nxd7 Nxd7 10. Nc3 Bb4 11. a3 Ba5 12. Bxa6 bxa6 13. O-O O-O 14. Qd3
Qxd3 15. cxd3 Bb6 16. Be3 Rab8 17. b4 e5 18. dxe5 Nxe5 19. Bxb6 axb6 20. Rad1
Rbd8 21. d4 Ng4 22. d5 cxd5 23. Nxd5 Rb8 24. Rfe1 a5 25. Rb1 Rbd8 26. Nxb6 axb4
27. axb4 g6 28. h3 Nf6 29. b5 Rd6 30. Nc4 Rd4 31. Ne5 Rb8 32. Nc6 Rxb5 33. Nxd4
Rg5 34. Re7 Nd5 35. Re8+ Kg7 36. h4 Rg4 37. g3 Rxd4 38. Rb7 Rd3 39. Rd8 Rd1+ 40.
Kh2 Nc3 41. Rxd1 Nxd1 42. f4 Nf2 43. Rb2 Ng4+ 44. Kh3 Nf6 45. g4 Nd5 46. Kg3 f6
47. g5 fxg5 48. hxg5 h6 49. Rb7+ Kg8 50. gxh6 Nf6 51. Kh4 Ne4 52. Rg7+ Kh8 53.
Rxg6 Kh7 54. f5 Nd6 55. Rxd6 1-0

[Event "Quality shows"]
[Site "http://www.queenalice.com/game.php?id=634946"]
[Date "2009.8.12"]
[Round "-"]
[White "billaus"]
[Black "RHAETO"]
[Result "0-1"]
[WhiteElo "1493"]
[BlackElo "1506"]

1. e4 e5 2. Qh5 Qf6 3. Nf3 Bc5 4. d4 Bxd4 5. Nxd4 exd4 6. Bc4 Nh6 7. Bxh6 gxh6
8. O-O O-O 9. e5 Qf4 10. Bd3 Nc6 11. Re1 f6 12. exf6 Rxf6 13. Bc4+ Kg7 14. f3
Nb4 15. Na3 d6 16. Re7+ Kh8 17. Rf7 d5 18. Re1 Be6 19. Rxe6 Qc1+ 20. Kf2 Rxe6
21. Be2 Rae8 22. f4 Qe3+ 23. Kf1 d3 24. Bxd3 Nxd3 25. cxd3 Qe1# 0-1

[Event "Call me  brilliant"]
[Site "http://www.queenalice.com/game.php?id=641425"]
[Date "2009.8.24"]
[Round "-"]
[White "billaus"]
[Black "RHAETO"]
[Result "0-1"]
[WhiteElo "1478"]
[BlackElo "1521"]

1. e4 e6 2. e5 d6 3. Nf3 dxe5 4. Nxe5 Qf6 5. d4 Nc6 6. Bb5 Bb4+ 7. c3 Ba5 8. O-O
Ne7 9. Nxc6 bxc6 10. Ba4 O-O 11. b4 Bb6 12. Nd2 Nd5 13. Ne4 Qg6 14. Ng5 Nxc3 15.
Qf3 Nxa4 16. Be3 f6 17. Qxc6 Ba6 18. Qxe6+ Kh8 19. Nh3 Bxf1 20. Rxf1 Rae8 21.
Qc6 Re4 22. Qxa4 Rg4 23. Nf4 Qe4 24. Qb3 c6 25. Qc3 Bc7 26. h3 Rg5 27. f3 Qe8
28. d5 Bxf4 29. Bxf4 Rxd5 30. Re1 Qd7 31. a4 h6 32. Qa3 Rg8 33. Qa1 Rd4 34. Bg3
Rxb4 35. Rd1 Qc8 36. Qa3 Rc4 37. Bf2 Qa6 38. a5 Rf4 39. g3 Rf5 40. g4 Rxa5 41.
Qd6 Ra2 42. Rc1 Qe2 43. Rf1 Qxf3 44. Qh2 a5 45. Bg3 Qe3+ 46. Bf2 Qb3 47. Qg2 c5
48. Qc6 Qxh3 49. Qe4 a4 50. Qc4 Ra3 51. Qxc5 Qxg4+ 52. Kh2 Rh3# 0-1

[Event "Humbug"]
[Site "http://www.queenalice.com/game.php?id=648512"]
[Date "2009.9.6"]
[Round "-"]
[White "billaus"]
[Black "RHAETO"]
[Result "1-0"]
[WhiteElo "1464"]
[BlackElo "1535"]

1. e4 e5 2. Qh5 Nf6 3. Qxe5+ Be7 4. b3 O-O 5. Bb2 Nc6 6. Qg3 Nb4 7. Na3 b6 8. e5
Nh5 9. Qg4 g6 10. Nf3 d6 11. Qxb4 dxe5 12. Qe4 Rb8 13. Nxe5 Bb4 14. Qxb4 Bb7 15.
O-O-O Qd5 16. f3 Rbe8 17. Bc4 Qd8 18. Bb5 Re7 19. Bc6 a5 20. Qb5 Bc8 21. Bd5 Nf4
22. Bc4 Nxg2 23. Nc6 Bd7 24. Nxd8 Bxb5 25. Nxb5 Rxd8 26. Bf6 h5 27. Bxe7 Re8 28.
Bf6 Ra8 29. Nxc7 1-0

[Event "MORE!"]
[Site "http://www.queenalice.com/game.php?id=660238"]
[Date "2009.9.29"]
[Round "-"]
[White "billaus"]
[Black "RHAETO"]
[Result "0-1"]
[WhiteElo "1483"]
[BlackElo "1516"]

1. e4 e5 2. Qh5 d6 3. Bc4 g6 4. Qf3 Nf6 5. Ne2 Bg7 6. d4 Bg4 7. Qg3 exd4 8. Nxd4
Qe7 9. Bg5 Qxe4+ 10. Be3 Nh5 11. Bb5+ Nc6 12. Bxc6+ bxc6 13. Nd2 Qe7 14. Nxc6
Nxg3 15. Nxe7 Nxh1 16. Nd5 O-O 17. f3 Bd7 18. O-O-O Rab8 19. Nb3 Rbe8 20. Rxh1
c6 21. Bh6 Bxh6+ 22. Kb1 cxd5 23. a3 Re2 24. g4 Rf2 0-1

[Event "Yew we can!"]
[Site "http://www.queenalice.com/game.php?id=664205"]
[Date "2009.10.7"]
[Round "-"]
[White "billaus"]
[Black "RHAETO"]
[Result "1-0"]
[WhiteElo "1474"]
[BlackElo "1517"]

1. e4 e6 2. d4 Nc6 3. Nf3 d5 4. exd5 exd5 5. Bb5 Qe7+ 6. Be3 Qb4+ 7. Nbd2 Qxb5
8. b3 Ba3 9. c4 dxc4 10. bxc4 Qh5 11. O-O Bd6 12. c5 Be7 13. Qb3 Nf6 14. Ng5 O-O
15. Ndf3 Ng4 16. Bf4 b6 17. d5 Na5 18. Qc3 Bf6 19. Qd2 Bxa1 20. Rxa1 Nb7 21.
Bxc7 Nxc5 22. Bd6 Re8 23. Qf4 f6 24. Nh3 Nh6 25. Bc7 Bg4 26. Qc4 Nf7 27. Nf4 Qf5
28. Nh4 Qc8 29. d6 g5 30. Nd5 Be6 31. Nxf6+ Kh8 32. Qc2 Kg7 33. Nxe8+ Qxe8 34.
Nf5+ Kf6 35. Ne7 Qd7 36. Qc3+ Ne5 37. g3 Nb7 38. f4 gxf4 39. gxf4 Kf7 40. Qxe5
Re8 41. Qh5+ Kf8 42. Qxh7 Nxd6 43. Ng6# 1-0

[Event "Narurally"]
[Site "http://www.queenalice.com/game.php?id=670236"]
[Date "2009.10.21"]
[Round "-"]
[White "billaus"]
[Black "RHAETO"]
[Result "0-1"]
[WhiteElo "1492"]
[BlackElo "1499"]

1. e4 e5 2. Qh5 d6 3. Bc4 Nh6 4. d3 Be7 5. Bxh6 O-O 6. Bd2 Nc6 7. Nf3 a5 8. Nc3
Nb4 9. O-O-O a4 10. a3 c6 11. axb4 a3 12. bxa3 Rxa3 13. Nb1 Ra1 14. Bc3 Ra7 15.
g3 Qb6 16. d4 exd4 17. Nxd4 c5 18. Nf5 Bxf5 19. Qxf5 cxb4 20. Bd4 Qa5 21. Bxa7
Qxa7 22. f4 Qe3+ 23. Rd2 Bf6 24. g4 Bc3 25. Nxc3 Qxc3 26. Qd5 Qa1# 0-1

[Event "Challenge"]
[Site "http://www.queenalice.com/game.php?id=673713"]
[Date "2009.10.28"]
[Round "-"]
[White "billaus"]
[Black "RHAETO"]
[Result "0-1"]
[WhiteElo "1476"]
[BlackElo "1515"]

1. e4 e5 2. Qh5 Nf6 3. Qxe5+ Be7 4. Bc4 O-O 5. Nf3 b6 6. Ng5 Nc6 7. Qf4 Nd4 8.
Na3 Bxa3 9. Bb3 Bc5 10. e5 Qe7 11. c3 Nxb3 12. axb3 Ne8 13. O-O d6 14. d4 dxe5
15. Qh4 h6 16. dxc5 hxg5 17. Bxg5 f6 18. Be3 bxc5 19. Qe4 Rb8 20. Rxa7 Rxb3 21.
Bc1 Nd6 22. Qd5+ Qf7 23. Qxc5 Rb7 24. Qa5 Rxa7 25. Qxa7 Nf5 26. g3 e4 27. f3 Nd6
28. f4 Re8 29. Be3 Nc4 30. Bc1 e3 31. Re1 e2 32. b3 Nd6 33. c4 Bg4 34. h3 Bf5
35. g4 Bc2 36. Qa4 Re4 37. Qa2 Bd3 38. c5 Nb5 39. Qa8+ Kh7 40. b4 Rxf4 41. Bxf4
Nd4 42. Kf2 Qe6 43. Qb7 Nc2 44. Qxc7 Nxe1 45. Bh6 Kxh6 46. Qf4+ g5 47. Kg3 gxf4+
48. Kh4 Ng2# 0-1

[Event "Good hosts lose, thank you"]
[Site "http://www.queenalice.com/game.php?id=682417"]
[Date "2009.11.13"]
[Round "-"]
[White "billaus"]
[Black "RHAETO"]
[Result "0-1"]
[WhiteElo "1462"]
[BlackElo "1529"]

1. e4 e5 2. d3 Bd6 3. Nf3 Nc6 4. d4 Qf6 5. Bg5 Qg6 6. Bd3 exd4 7. e5 Qe6 8. O-O
Nxe5 9. Nxd4 Qd5 10. Nb5 a6 11. Nxd6+ cxd6 12. Qe2 f6 13. Nc3 Qd4 14. Be3 Qb4
15. Qh5+ g6 16. Bxg6+ Nxg6 17. Bc1 Ne7 18. Re1 a5 19. Nd5 Qxe1# 0-1

[Event "Really humbled"]
[Site "http://www.queenalice.com/game.php?id=685836"]
[Date "2009.11.19"]
[Round "-"]
[White "billaus"]
[Black "RHAETO"]
[Result "0-1"]
[WhiteElo "1453"]
[BlackElo "1538"]

1. e4 e6 2. Nf3 Qf6 3. d4 Na6 4. e5 Qe7 5. c3 d6 6. Bb5+ c6 7. Bxa6 bxa6 8. Bg5
f6 9. exd6 Qxd6 10. Be3 Ne7 11. O-O Nd5 12. Bd2 Be7 13. c4 Nb6 14. c5 Qd5 15.
cxb6 axb6 16. Nc3 Qd6 17. Na4 Qc7 18. Re1 O-O 19. Rc1 Bd7 20. d5 exd5 21. Rxe7
Rae8 22. Qe1 Qd8 23. Bb4 c5 24. Nxc5 Rxe7 25. Ne6 Rxe6 26. Qd2 Rfe8 27. Qxd5 h6
28. h3 Kh8 29. Nh4 Re4 30. Qh5 Rxb4 31. Ng6+ Kg8 32. b3 Qb8 33. Qd1 Rbe4 34. Qf1
Bb5 35. Qd1 Kh7 36. f3 Re1+ 37. Qxe1 Rxe1+ 38. Rxe1 Kxg6 0-1

[Event "Unbelievable"]
[Site "http://www.queenalice.com/game.php?id=691588"]
[Date "2009.12.2"]
[Round "-"]
[White "billaus"]
[Black "RHAETO"]
[Result "0-1"]
[WhiteElo "1440"]
[BlackElo "1551"]

1. e4 e5 2. Qh5 d6 3. Bc4 g6 4. Qf3 Nf6 5. d4 Be7 6. Ne2 O-O 7. Nbc3 exd4 8.
Nxd4 Na6 9. a3 Nc5 10. O-O Bg4 11. Qg3 Ncxe4 12. Nxe4 Bf5 13. Nxf5 Nxe4 14.
Nxe7+ Qxe7 15. Qd3 c6 16. Bh6 Rfe8 17. Rae1 d5 18. Qd4 Qe5 19. Qxe5 Rxe5 20. Bd3
Rae8 21. f3 Nc5 22. Rxe5 Rxe5 23. f4 Re6 24. Kf2 Nxd3+ 25. cxd3 f5 26. b4 Kf7
27. h3 b6 28. g4 c5 29. bxc5 bxc5 30. Rb1 Rb6 31. Rc1 Rb3 32. Rxc5 Rxd3 33. Rc7+
Ke8 34. Rxh7 Rxh3 35. Rh8+ Kf7 36. Rh7+ Ke6 37. Ke2 fxg4 38. Kf2 a5 39. a4 d4
40. Ra7 Rxh6 41. Rxa5 Rh3 42. Rg5 Rf3+ 43. Kg2 Rxf4 44. Rxg6+ Kd7 45. Kg3 Re4
46. Rb6 d3 47. Rb7+ Kc6 48. Ra7 d2 49. Rh7 Rxa4 50. Rh1 Rd4 51. Rd1 Kd5 52. Kf2
Ke5 53. Ke2 Kf4 54. Rf1+ Kg3 55. Rd1 Kh3 56. Kf2 g3+ 57. Kg1 g2 58. Kf2 Kh2 59.
Rg1 d1=Q 60. Rxg2+ Kh1 61. Kg3 Qd3+ 62. Kf2 Qc2+ 63. Kf3 Rd3+ 64. Ke4 Qc4+ 65.
Ke5 Rd5+ 66. Kf6 Qc6+ 67. Kf7 Rd7+ 68. Kf8 Qc8# 0-1